Estadísticas para Goleadores del Mundial de Catar

Haz click aquí para intentar la prueba.

Estadísticas generales

  • Esta prueba ha sido intentada 100 veces
  • La puntuación promedio es 14 de 31

Estadísticas de respuestas

HintRespuesta% Correcto
FranciaMbappé8
99%
ArgentinaMessi7
99%
FranciaGiroud4
80%
ArgentinaJulián Álvarez4
80%
EspañaMorata3
75%
BrasilRicharlison3
63%
EcuadorValencia3
62%
BrasilNeymar2
61%
PoloniaLewandowski2
57%
PortugalGonçalo Ramos3
56%
InglaterraKane2
53%
HolandaGakpo3
48%
InglaterraRashford3
46%
EspañaFerrán Torres2
44%
InglaterraSaka3
41%
SuizaEmbolo2
35%
CamerúnAboubakar2
34%
PortugalBruno Fernandes2
34%
IránTaremi2
34%
HolandaWeghorst2
34%
MarruecosEn-Nesyri2
32%
AlemaniaHavertz2
30%
PortugalLeao2
28%
SerbiaMitrovic2
28%
Uruguayde Arrascaeta2
25%
AlemaniaFullkrug2
24%
CroaciaKramaric2
23%
GhanaKudus2
22%
Arabia SauditaAl-Dawsari2
20%
JapónDoan2
14%
Corea del SurCho2
9%

Distribución de puntuación

Porcentaje por número respondido

Porcentaje de gente con cada puntuación

Historial de tus puntuaciones

No has intentado esta prueba.